000 00631nam a2200217Ia 4500
005 20241129110942.0
008 241129s9999||||xx |||||||||||||| ||und||
020 _a978-93-936745-5-5
037 _aTB
040 _aCRL
_beng
_cCRL
041 _aeng
_2eng
084 _aO28:g 111R2
_qCRL
100 _aAbdul Ali Au.
_9722927
245 0 _aIndian origins of arab islamic scientific and literary heritage
_cAbdul Ali Au.
260 _aNew Delhi, India
_bPrints Publication
_c2022
300 _axiv,378p.
365 _aINR
_b1995
650 _aArabic Prose
942 _cTB
_hO28:g 111R2
999 _c1228250
_d1228250